L’Europe des Six (UE) - Mort subite - Statistiques

Statistiques générales
  • Ce quiz a été pris 1 309 fois
  • Le résultat moyen est 3 sur 6
Answers on the Grid
Answers color-coded by a green-red scale on the quiz's grid according to % correct below.
France
Italie
Luxembourg
République fédérale d’Allemagne
Belgique
Pays-Bas
Suisse
Espagne
Royaume-Uni
République démocratique d’Allemagne
Autriche
Tchécoslovaquie
Portugal
Irlande
Danemark
 
Statistiques - réponses
Réponse % Correct
France
91%
Belgique
57%
Pays-Bas
52%
Italie
51%
Luxembourg
50%
République fédérale d’Allemagne
39%
Aucun quiz correspondant
Distribution des résultats
% des personnes avec chaque résultat
Percentile par nombre de réponses
Votre historique - résultats
Vous n’avez pas pris ce quiz